LEADER 01346nam a2200277 a 4500 001 000000165290 003 CaOOAMICUS 005 20180125104821.0 008 180125s1997 it m u001 u ita r 032 $aLibriCat 040 $aPUL$bita 100 1 $aCarmesini, Maurizio.$0(OLS)http://pul/name/106459 245 13$aIl buddhismo zen presentato all'Occidente da D.T. Suzuki : $beuristica missiologica del dialogo interreligioso /$cdi Maurizio Carmesini. 260 $aRoma :$b[s.n.],$c1997. 300 $a110 p. ;$c24 cm. 502 $aEstratto da tesi. Pontificia Universitā Urbaniana. Facultas Missiologiae. 1996. 504 $aBibliografia in nota a pič pagina. 650 4$aDialogo interreligioso.$0(OLS)http://pul/subject/33329 650 4$aBudda e buddismo.$0(OLS)http://pul/subject/10833 710 2 $aPontificia Universitā Urbaniana.$bFacoltā di missiologia$kTesi.$0(OLS)http://pul/name/84544 850 $aPUL 852 $aPUL$W1$xDP1 Tesi Pon. Univ. Urbaniana$y49$mTH URB 467$j189580$qTesi$B192619$CPULBib$Z2$F192619 $H78647 $81 941 1 $a16 996 $6245$aIl buddhismo zen presentato all'Occidente da D.T. Suzuki : $beuristica missiologica del dialogo interreligioso$9(OLS)http://pul/title/204978 996 $6260$aRoma :$b[s.n.]$9(OLS)http://pul/publisher/47958 LEADER 01258nam a2200253 u 4500 001 000000087118 003 CaOOAMICUS 005 20070226124354.0 008 051010s1956 it f u000 u ita u 035 $a11062557 040 $aPUL(R)$bita 245 00$aPoesia del Duecento e del Trecento /$ca cura di Carlo Muscetta e Paolo Rivalta. 260 $a[Torino] :$bGiulio Einaudi,$c[c1956] 300 $axlvii, 1244 [2] p. :$bant., tav. col. ;$c22 cm 490 1 $aI millenni.$a27, Parnaso italiano, crestomazia della poesia italiana dalle origini al Novecento, ;$v1 650 4$aPoesia italiana$ySec. XIII-XIV.$0(OLS)http://pul/subject/28949 700 1 $aRivalta, Paolo.$0(OLS)http://pul/name/56873 700 1 $aMuscetta, Carlo,$d1912-2004.$0(OLS)http://pul/name/5891 830 2$aI millenni.$n27,$pParnaso italiano,$pcrestomazia della poesia italiana dalle origini al Novecento, ;$v1.$0(OLS)http://pul/title/8403 850 $aPUL 852 $aPUL$W1$xDP1 Fondo Cecchetti$y53$m297 B 10$j110511$nBK-PRI$b $qFondi$B110511$CPULBib$Z2$F110511 $HPUL4584 $81 941 1 $a1 996 $6245$aPoesia del Duecento e del Trecento$9(OLS)http://pul/title/112779 996 $6260$a[Torino] :$bGiulio Einaudi$9(OLS)http://pul/publisher/51562